L'empire carolingien
Gespeichert in:
| 1. Verfasser: | |
|---|---|
| Format: | Buch |
| Sprache: | Französisch |
| Veröffentlicht: |
París
Payot
1958
|
| Schriftenreihe: | Bibliothèque Historique
|
| Schlagworte: | |
| Tags: |
Tag hinzufügen
Keine Tags, Fügen Sie den ersten Tag hinzu!
|
MARC
| LEADER | 00000nam a2200000 a 4500 | ||
|---|---|---|---|
| 001 | UCP9892 | ||
| 003 | CL-VaPUC | ||
| 008 | 000407e19580000FR |||||||||||||||||fre|d | ||
| 082 | 0 | 4 | |a 940.1 |b FIC |2 21 |
| 100 | 0 | |a Fichtenau, Henri |e author |9 440818 | |
| 245 | 1 | 2 | |a L'empire carolingien |
| 300 | |a 214 p | ||
| 942 | |c BK | ||
| 945 | |d 20000407 00:00:00 |a rherrera | ||
| 260 | |a París |b Payot |c 1958 | ||
| 600 | 0 | |a Carlomagno |9 343111 | |
| 650 | 0 | |a Historia de Europa |9 392003 | |
| 650 | 0 | |a Imperio carolingio |9 392797 | |
| 650 | 7 | |a FRANCOS |2 CL-VaPUC |9 439372 | |
| 583 | |a last modification |c 20000407 00:00:00 |k Rodrigo Vera | ||
| 490 | 0 | |a Bibliothèque Historique | |
| 999 | |c 286672 |d 286670 | ||
| 952 | |0 0 |1 0 |4 0 |6 940_100000000000000_FIC_1958 |7 0 |8 A |9 332726 |a BIBHIS |b BIBHIS |d 2019-11-20 |i 1262459 |o 940.1 FIC 1958 |p 1262459 |r 2025-01-20 |w 2019-11-20 |y BK |k HIS | ||